| 000 | 00515nam a2200205 a 4500 | ||
|---|---|---|---|
| 001 | BRCA_3553 | ||
| 005 | 20190320204330.0 | ||
| 008 | 310709s1961----nyu#---###---#000-0#eng-# | ||
| 041 | _aeng | ||
| 044 | _anyu | ||
| 050 | 4 |
_aPZ3 _b.S77 1961 |
|
| 100 | 1 |
_aStreeter, Edward _d1891-1976 _99221 |
|
| 245 | 1 | 0 |
_aChairman of the bored _cEdwar Streeter. |
| 260 |
_aNew York _bHarper _c1961 |
||
| 300 |
_a274 p. _c22 cm. |
||
| 500 | _aB221 | ||
| 650 | 1 | 4 |
_aLiteratura estadounidense _99222 |
| 902 | _aGFM | ||
| 942 |
_2lcc _cB |
||
| 999 |
_c3288 _d3288 |
||